000 00469 a2200157 4500
020 _a9780545646109
041 _aspa
100 _aRemkiewicz, Frank
245 _aGus cultiva una planta / Frank Remkiewicz ; translated by Eid de la Vega.
260 _aNew York : Scholastic Inc., c2014.
300 _a1 volume (unpaged) : color illustrations ;
_c23 cm.
440 _aScholastic reader., Level pre 1.
700 _aVega, Eida de la
942 _cBK
952 _71
999 _c20771
_d20771